Manual de prácticas mejoradas de caminos forestales (PMC's) / (Registro nro. 5596)

Detalles MARC
000 -CABECERA
Campo de control 00917nam a2200265 4500
005 - FECHA Y HORA DE LA ULTIMA TRANSACCION
Campo de control 20160624152406.0
008 - ELEMENTOS DE LONGITUD FIJA—INFORMACION GENERAL
Campo de control 160624s2000 ck aao||r|||| 00| 0 spa d
040 ## - FUENTE DE CATALOGACIÓN
Agencia catalogadora original CO-BoIAVH
Agencia transcriptora CO-BoIAVH
041 0# - IDIOMA
Código de idioma para texto/pista de sonido o título separado Español
044 ## - PAÍS DE PUBLICACIÓN
País de publicación Corea (Sur)
082 04 - NUMERO DE CLASIFICACION DECIMAL DEWEY
Número de clasificación 577.3028
Número del ítem K29m
100 1# - ASIENTO PRINCIPAL--NOMBRE PERSONAL
Nombre personal Keller, Gordon
Término relacionado autor
9 (RLIN) 72151
245 10 - MENCION DE TITULO
Título Manual de prácticas mejoradas de caminos forestales (PMC's) /
Mención de responsabilidad Keller Gordon y James Sherar
260 ## - PUBLICACION, DISTRIBUCION, ETC. (PIE DE IMPRENTA)
Lugar de publicación, distribución, etc. Honduras :
Nombre del editor, distribuidor, etc. ESNACIFOR :
-- USAID,
Fecha de publicación, distribución, etc. 2000.
300 ## - DESCRIPCION FISICA
Extensión 95 páginas :
Otros detalles físicos ilustraciones y fotografías a color ;
Dimensiones 28 x 21 cm.
500 ## - NOTA GENERAL
Nota general Incluye glosario.
650 26 - ASIENTO SECUNDARIO DE MATERIA - TERMINO TEMATICO
Término temático o nombre geográfico como elemento de entrada Recursos forestales
9 (RLIN) 72158
650 26 - ASIENTO SECUNDARIO DE MATERIA - TERMINO TEMATICO
Término temático o nombre geográfico como elemento de entrada Caminos
Subdivisión de forma Manuales
9 (RLIN) 72159
650 26 - ASIENTO SECUNDARIO DE MATERIA - TERMINO TEMATICO
Término temático o nombre geográfico como elemento de entrada Suelo forestal
9 (RLIN) 72149
650 24 - ASIENTO SECUNDARIO DE MATERIA - TERMINO TEMATICO
Término temático o nombre geográfico como elemento de entrada Caminos forestales
Subdivisión de forma Manuales
9 (RLIN) 72160
700 1# - ASIENTO SECUNDARIO - NOMBRE PERSONAL
Nombre personal Sherer, James
Término de relación autor
9 (RLIN) 72155
700 1# - ASIENTO SECUNDARIO - NOMBRE PERSONAL
Nombre personal Medina, Roberto
Término de relación traductor
9 (RLIN) 72156
700 1# - ASIENTO SECUNDARIO - NOMBRE PERSONAL
Nombre personal Ortíz, Atilio
Término de relación traductor
9 (RLIN) 72157
942 ## - ELEMENTOS ADICIONALES (KOHA)
Tipo de ítem Libro
Sistema de clasificación Dewey Decimal Classification
Existencias
Withdrawn status Lost status Sistema de Clasificación Damaged status No para préstamo Colección Inventariado Ubicación Permanente Ubicación actual Fecha de adquisición Fuente de Valor Valor Total Checkouts Número topográfico Inventario / Código de Barras Date last seen Ejemplar Price effective from Forma de adquisición Tipo de material
    Dewey Decimal Classification     General Inventariado 2017 Bogotá Bogotá 13/06/2007 Instituto 39000.00   LB-577.3028 K29m 024491 04/12/2012 Ej. 1 04/12/2012 Donación Libro